[Event "Camaguey Province-ch sf"]
[Site "Camaguey"]
[Date "2009.08.31"]
[Round "17"]
[White "Torres Delgado, Walfrido"]
[Black "Pina, Pavel"]
[Result "1/2-1/2"]
[WhiteElo "2003"]
[BlackElo "1987"]
[PlyCount "29"]
[EventDate "2009.08.15"]
[EventType "tourn"]
[EventRounds "17"]
[EventCountry "CUB"]
[EventCategory "1"]
[SourceTitle "EXT 2012"]
[Source "ChessBase"]
[SourceDate "2011.11.24"]
[SourceVersion "1"]
[SourceVersionDate "2011.11.24"]
[SourceQuality "1"]

1. d4 Nf6 2. c4 d6 3. Nc3 Nbd7 4. e4 e5 5. Nf3 Be7 6. Be2 0-0 7. 0-0 c6 8. h3 a6 9. a4 a5 10. Be3 exd4 11. Nxd4 Ne5 12. Qc2 Re8 13. Rad1 Qc7 14. b3 Bd7 15. Kh1 1/2-1/2

[Event "Camaguey Province-ch sf"]
[Site "Camaguey"]
[Date "2009.08.30"]
[Round "16"]
[White "Pina, Pavel"]
[Black "Hernandez Fernandez, Ramon Alberto"]
[Result "0-1"]
[WhiteElo "1987"]
[BlackElo "2277"]
[PlyCount "98"]
[EventDate "2009.08.15"]
[EventType "tourn"]
[EventRounds "17"]
[EventCountry "CUB"]
[EventCategory "1"]
[SourceTitle "EXT 2012"]
[Source "ChessBase"]
[SourceDate "2011.11.24"]
[SourceVersion "1"]
[SourceVersionDate "2011.11.24"]
[SourceQuality "1"]

1. d4 Nf6 2. Nf3 g6 3. Bg5 Bg7 4. Nbd2 d5 5. e3 0-0 6. Bd3 c5 7. c3 Nbd7 8. 0-0 Re8 9. Ne5 Nxe5 10. dxe5 Ng4 11. Bb5 Bd7 12. Qa4 Nxe5 13. Rad1 Bxb5 14. Qxb5 Qb6 15. Qb3 c4 16. Qc2 Rac8 17. e4 dxe4 18. Nxe4 Qc6 19. f3 b5 20. Be3 a5 21. Bd4 Nd3 22. Bxg7 Kxg7 23. Rd2 Rcd8 24. Rfd1 e5 25. Nf2 Qb6 26. Kf1 Nc5 27. Rxd8 Rxd8 28. Qe2 f6 29. Rd2 Qc7 30. Qd1 Rxd2 31. Qxd2 Qd7 32. Qxd7+ Nxd7 33. Ne4 b4 34. cxb4 axb4 35. a4 bxa3 36. bxa3 f5 37. Nc3 Nc5 38. Ke2 Kf6 39. a4 Ke6 40. Kd2 Kd6 41. Kc2 Nb3 42. Nb5+ Kc5 43. Kc3 Nd4 44. Nc7 Ne2+ 45. Kd2 Nf4 46. g3 Nd5 47. Nxd5 Kxd5 48. a5 e4 49. fxe4+ fxe4 0-1

[Event "Camaguey Province-ch sf"]
[Site "Camaguey"]
[Date "2009.08.23"]
[Round "9"]
[White "Hechavarria Puga, Ernesto"]
[Black "Pina, Pavel"]
[Result "1-0"]
[WhiteElo "2080"]
[BlackElo "1987"]
[PlyCount "155"]
[EventDate "2009.08.15"]
[EventType "tourn"]
[EventRounds "17"]
[EventCountry "CUB"]
[EventCategory "1"]
[SourceTitle "EXT 2012"]
[Source "ChessBase"]
[SourceDate "2011.11.24"]
[SourceVersion "1"]
[SourceVersionDate "2011.11.24"]
[SourceQuality "1"]

1. e4 c6 2. d4 d5 3. e5 Bf5 4. Nf3 Bg4 5. Be2 e6 6. 0-0 Nd7 7. Nbd2 Ne7 8. Nb3 Qc7 9. h3 Bxf3 10. Bxf3 c5 11. c3 Nc6 12. Be3 cxd4 13. cxd4 Be7 14. Be2 0-0 15. f4 Rae8 16. Bd3 f5 17. Rf2 Bh4 18. g3 Bxg3 19. Rg2 Bh4 20. Qh5 Qd8 21. Kh2 Rf7 22. Rag1 Qe7 23. Nd2 Nf8 24. Nf3 Ng6 25. Rxg6 hxg6 26. Qxh4 Qxh4 27. Nxh4 Nb4 28. Bb1 Rc7 29. Rg2 Rec8 30. Nxg6 Kf7 31. Nh4 Nc2 32. Bf2 Nb4 33. a3 Na6 34. Be3 Nb8 35. Nf3 Nd7 36. Ng5+ Ke7 37. Bd2 Rc6 38. Bb4+ Ke8 39. Bd3 a6 40. Nh7 Kf7 41. Ng5+ Ke8 42. h4 Nf8 43. Bxf8 Kxf8 44. Nxe6+ Rxe6 45. Bxf5 Rcc6 46. Bxe6 Rxe6 47. Rc2 Rb6 48. Kg3 Rb3+ 49. Kg4 Rd3 50. Rc8+ Kf7 51. Rc7+ Kg8 52. Rxb7 Rxd4 53. Rd7 Rd1 54. Rd6 a5 55. Kf5 Kf7 56. Rd7+ Kg8 57. Ra7 d4 58. Rxa5 d3 59. Rd5 d2 60. h5 Kf8 61. a4 Ra1 62. Rxd2 Rxa4 63. Rc2 Rb4 64. Rc8+ Ke7 65. Rc7+ Kf8 66. Rc2 Ke7 67. Rh2 Kf7 68. h6 gxh6 69. Rxh6 Rxb2 70. Rh7+ Kg8 71. Ra7 Rb5 72. Kf6 Rb6+ 73. e6 Rc6 74. f5 Rb6 75. Ra8+ Kh7 76. Kf7 Rb7+ 77. e7 Rc7 78. Ra1 1-0

[Event "Camaguey Province-ch sf"]
[Site "Camaguey"]
[Date "2009.08.20"]
[Round "7"]
[White "Robaina Hernandez, Carlos"]
[Black "Pina, Pavel"]
[Result "1-0"]
[WhiteElo "2180"]
[BlackElo "1987"]
[PlyCount "79"]
[EventDate "2009.08.15"]
[EventType "tourn"]
[EventRounds "17"]
[EventCountry "CUB"]
[EventCategory "1"]
[SourceTitle "EXT 2012"]
[Source "ChessBase"]
[SourceDate "2011.11.24"]
[SourceVersion "1"]
[SourceVersionDate "2011.11.24"]
[SourceQuality "1"]

1. e4 c6 2. d4 d5 3. Nc3 dxe4 4. Nxe4 Nd7 5. f4 Ngf6 6. Ng3 e6 7. Nf3 c5 8. c3 Bd6 9. Bd3 cxd4 10. Nxd4 a6 11. 0-0 Nc5 12. Bc2 0-0 13. Kh1 Qc7 14. c4 b6 15. Be3 Bb7 16. Qe2 Rad8 17. Rac1 Nce4 18. Nxe4 Bxe4 19. Bxe4 Nxe4 20. Qf3 Nf6 21. b4 Rc8 22. a3 Rfd8 23. Nb3 Be7 24. Bd4 a5 25. Qf2 Rb8 26. c5 bxc5 27. Be5 Bd6 28. Nxc5 Qb6 29. Bxf6 gxf6 30. Qg3+ Kh8 31. Qh4 f5 32. Qf6+ Kg8 33. Rf3 Bxc5 34. Rg3+ Kf8 35. Rg7 Qb7 36. Rxh7 Ke8 37. bxc5 Rd5 38. c6 Qxc6 39. Qxf7+ Kd8 40. Rh8+ 1-0